000 01237nam a2200493Ia 4500
001 9872
005 20240113234234.0
007 ta
008 050729s1990 a g b000 u 297 u
040 _aCotton College Assam
041 _a297
082 _a891.708
_bHu 865 Ar
100 _a, .
110 _aCouncil for Highr Secondary Education .
_c(Guwahati )
245 0 _aArabic Prose and Poetry: An Anthology For Higher Secondary Classes /
_cCouncil for Highr Secondary Education.
_hTextual Documents
250 _a1st ed. /
260 _aGuwahati :
_bCouncil for Highr Secondary Education ,
_c1990.
300 _a131p. :
_bill. ;
_c22cm .
653 _aArabic Literature
653 _aArabic Poetry
653 _aG-Arabic & Persian
653 _aMS-Arabic
942 _2ddc
_cBK
999 _c9859
_d9859